|
|
|
|
| LEADER |
00000nla2a2200000 4500 |
| 001 |
224148 |
| 005 |
20231031200337.0 |
| 035 |
|
|
|a (RuTPU)RU\TPU\book\244435
|
| 090 |
|
|
|a 224148
|
| 100 |
|
|
|a 20121019d2012 k y0rusy50 ca
|
| 101 |
0 |
|
|a rus
|
| 102 |
|
|
|a RU
|
| 105 |
|
|
|a y z 101zy
|
| 135 |
|
|
|a drcn ---uucaa
|
| 181 |
|
0 |
|a i
|
| 182 |
|
0 |
|a b
|
| 200 |
1 |
|
|a Закономерности формирования микроструктуры и механических свойств ферритно-мартенситных сталей после различных режимов термообработки
|b Электронный ресурс
|f Н. А. Шевяко, И. Ю. Литовченко
|g Национальный исследовательский Томский государственный университет (ТГУ) ; Российская академия наук (РАН), Сибирское отделение (СО), Институт физики прочности и материаловедения (ИФПМ) ; науч. рук. А. Н. Тюменцев ; науч. рук. Е. Г. Астафурова
|
| 203 |
|
|
|a Текст
|c электронный
|
| 215 |
|
|
|a 1 файл (877 Kb)
|
| 225 |
1 |
|
|a Секция 6: Материаловедение
|
| 230 |
|
|
|a Электронные текстовые данные (1 файл : 877 Kb)
|
| 300 |
|
|
|a Заглавие с титульного листа
|
| 337 |
|
|
|a Adobe Reader
|
| 461 |
|
1 |
|0 (RuTPU)RU\TPU\book\240890
|t Современные техника и технологии
|o сборник трудов XVIII международной научно-практической конференции студентов, аспирантов и молодых ученых, Томск, 9-13 апреля 2012 г
|o в 3 т.
|f Национальный исследовательский Томский политехнический университет (ТПУ)
|d 2012
|
| 463 |
|
1 |
|0 (RuTPU)RU\TPU\book\242828
|t Т. 2
|v [С. 251-252]
|d 2012
|p 473 с.
|
| 610 |
1 |
|
|a электронный ресурс
|
| 610 |
1 |
|
|a сталь
|
| 610 |
1 |
|
|a термообработка
|
| 610 |
1 |
|
|a жаропрочность
|
| 610 |
1 |
|
|a ферритно-мартенситная сталь
|
| 610 |
1 |
|
|a термическая обработка
|
| 700 |
|
1 |
|a Шевяко
|b Н. А.
|
| 701 |
|
1 |
|a Литовченко
|b И. Ю.
|
| 702 |
|
1 |
|a Тюменцев
|b А. Н.
|4 727
|
| 702 |
|
1 |
|a Астафурова
|b Е. Г.
|4 727
|
| 712 |
0 |
2 |
|a Национальный исследовательский Томский государственный университет (ТГУ)
|c (2009- )
|2 stltpush
|3 (RuTPU)RU\TPU\col\17230
|
| 712 |
0 |
2 |
|a Российская академия наук (РАН)
|b Сибирское отделение (СО)
|b Институт физики прочности и материаловедения (ИФПМ)
|c (Томск)
|2 stltpush
|3 (RuTPU)RU\TPU\col\265
|
| 801 |
|
2 |
|a RU
|b 63413507
|c 20130924
|g RCR
|
| 856 |
4 |
|
|u http://www.lib.tpu.ru/fulltext/v/Conferences/2012/C2/V2/v2_123.pdf
|
| 942 |
|
|
|c CF
|